[Event "CAN-ch U16"]
[Site "Windsor"]
[Date "2015.07.08"]
[Round "5.9"]
[White "Damore, Tyler"]
[Black "Zhang, Jeff"]
[Result "0-1"]
[WhiteElo "1784"]
[BlackElo "1763"]
[PlyCount "52"]
[EventDate "2015.07.06"]
[EventType "swiss"]
[EventRounds "7"]
[EventCountry "CAN"]
[SourceTitle "EXT 2022"]
[Source "ChessBase"]
[SourceDate "2021.10.06"]
[SourceVersion "1"]
[SourceVersionDate "2021.10.06"]
[SourceQuality "1"]

1. d4 Nf6 2. Nf3 g6 3. g3 Bg7 4. Bg2 0-0 5. 0-0 d6 6. c4 Nbd7 7. Nc3 e5 8. h3 Ne8 9. dxe5 Nxe5 10. Nxe5 Bxe5 11. f4 Bg7 12. e4 c6 13. Be3 f5 14. exf5 Bxf5 15. g4 Be6 16. Qd3 Qa5 17. Rfc1 Qa6 18. b3 d5 19. Bf1 d4 20. Qe4 c5 21. Nd5 dxe3 22. f5 gxf5 23. gxf5 Bxf5 24. Ne7+ Kh8 25. Nxf5 Qg6+ 26. Kh1 Qxf5 0-1

[Event "CAN-ch U16"]
[Site "Windsor"]
[Date "2015.07.06"]
[Round "1.19"]
[White "Damore, Tyler"]
[Black "Vu, Henry"]
[Result "1-0"]
[WhiteElo "1784"]
[BlackElo "1010"]
[PlyCount "87"]
[EventDate "2015.07.06"]
[EventType "swiss"]
[EventRounds "7"]
[EventCountry "CAN"]
[SourceTitle "EXT 2022"]
[Source "ChessBase"]
[SourceDate "2021.10.06"]
[SourceVersion "1"]
[SourceVersionDate "2021.10.06"]
[SourceQuality "1"]

1. d4 d5 2. Nf3 Nf6 3. e3 Nc6 4. c4 e6 5. Nc3 Bb4 6. Bd2 Bd7 7. cxd5 Nxd5 8. e4 Nb6 9. a3 Bxc3 10. Bxc3 0-0 11. Bd3 Ne7 12. 0-0 Re8 13. Ne5 c6 14. Qh5 Ng6 15. f4 Qh4 16. Qxh4 Nxh4 17. f5 exf5 18. exf5 f6 19. Nxd7 Nxd7 20. g3 Re3 21. Bc4+ Kh8 22. gxh4 Re4 23. Rae1 Ree8 24. Rxe8+ Rxe8 25. Re1 Rd8 26. Re7 Nb6 27. Bb3 Nd7 28. Be6 Nf8 29. Rxb7 Nxe6 30. fxe6 Re8 31. e7 Kg8 32. Rxa7 Kf7 33. Bb4 f5 34. Rd7 Rxe7 35. Rxe7+ Kf6 36. a4 g5 37. hxg5+ Kxg5 38. a5 Kg4 39. a6 Kf3 40. a7 c5 41. a8Q+ Kf4 42. Bd2+ Kg4 43. Qg2+ Kh4 44. Rxh7# 1-0